Responses for Show #5329 - Thursday, November 8, 2007

2007 Tournament of Champions quarterfinal game 4.

Contestants

[<< previous game]

Steve Unite, a writer from Studio City, California

Sara Terrell, a veterinary technician from Windsor, Connecticut

Christian Haines, a college student originally from Newport News, Virginia

[next game >>]

Jeopardy! Round responses

THE U.S. SENATE
TV DETECTIVES
SOUTHERN CUISINE
THE NEW YORK TIMES TRAVEL
STOCK & TRADE
COVER YOUR "BASE"s
    $200 1
Joe Lieberman

Steve
    $200 6
Charlie's Angels

Christian
    $200 11
grits

Christian
    $200 21
(Sara: What is Victoria?)

Vancouver

ChristianSara
    $200 30
MasterCard

Steve
    $200 16
a baseboard

Christian
    $400 2
Elizabeth Dole

Christian
    $400 7
Columbo

Christian
    $400 12
(Christian: Uh, what is sweet potato pie?)

pecan

ChristianSteve
    $400 23
the Caribbean

Christian
    $400 28
K2

Triple Stumper
    $400 17
a database

Sara
    $600 3
30

Christian
    $600 8
Magnum, P.I.

Christian
    $600 13
cracklings

Christian
    $600 22
Expedia(.com)

Christian
    $600 27
Whirlpool

Christian
    $600 18
to debase

Christian
    $800 4
Chuck Hagel

Christian
    $800 9
Moonlighting

Steve
    $800 14
Hoppin' John

Christian
    $800 24
Rwanda

Christian
    $800 26
Raytheon

Triple Stumper
    $800 19
a base jumper

Christian
    $1000 5
Chuck Schumer

Christian
    $1000 10
Rockford

Steve
    $1000 15
étouffée

Steve
    $1000 25
Bali

Steve
    $2,000 29
Toyota

Christian
    $1000 20
a base pair

Steve

Scores at the first commercial break (after clue 16):

Christian Sara Steve
$5,400 $0 $3,400

Scores at the end of the Jeopardy! Round:

Christian Sara Steve
$11,400 $200 $5,600

Double Jeopardy! Round responses

THE AMERICAN MUSEUM OF NATURAL HISTORY
SEASONAL CINEMA
FIRST LADIES
WORLD AUTHORS
20th CENTURY COMPOSERS
VOCABULARY
    $400 16
Teddy Roosevelt

Sara
    $400 21
Suddenly, Last Summer

Steve
    $400 7
Nancy Reagan

Christian
    $400 6
Grimm

Steve
    $400 1
birds

Sara
    $400 30
(Alex: And that would be the [*]--stigmata.)

stigma

Triple Stumper
    $800 17
British Columbia

Christian
    $800 22
Autumn in New York

Christian
    $800 8
Edith Wilson

Steve
    $800 12
Chekhov

Christian
    $800 2
Arnold

Sara
    $800 29
(Sara: What is anthropomorphism?)

fallacy

Sara
Triple Stumper
    $1200 18
the Hayden Planetarium

Christian
    $1200 23
The Lion in Winter

Christian
    $1200 9
Pat Nixon

Triple Stumper
    $1200 13
the Swiss Family Robinson

Sara
    $1200 3
saxophones

Christian
    $2,400 26
(Christian: What is the ruckus?)

a fracas

Christian
    $1600 19
(Sara: What are corals?)
(Christian: What are sea urchins?)

polyps

ChristianSara
Triple Stumper
    $1600 24
The Virgin Spring

Triple Stumper
    $1600 10
Lucy Hayes

Steve
    $1600 14
(Sara: Who is Hemingway?)

Somerset Maugham

SaraSteve
    $3,000 4
"Bicentennial"

Christian
    $1600 27
sanguine

Steve
    $2000 20
(Alex: What island is really close? [*].)

Sri Lanka

Triple Stumper
    $2000 25
(Steve: What is The Winter of our Discontent?)
[Steve puts down his signaling device after he is ruled incorrect.]

Winterset

Steve
Triple Stumper
    $2000 11
Florence

Steve
    $2000 15
André Gide

Triple Stumper
    $2000 5
Béla Bartók

Christian
    $2000 28
soldier (of fortune)

Triple Stumper

Scores at the end of the Double Jeopardy! Round:

Christian Sara Steve
$18,800 -$1,000 $12,000

Final Jeopardy! Round responses

THE PERSIAN GULF
(Alex: [Revealing Steve's response] Sorry, that is incorrect. Saudi Arabia has a king, not a sultan.)
...
(Alex: [Revealing Christian's response] You are right, it's been a sultanate for about 200 years.)
SteveWhat is Saudi Arabia?
$2,000
ChristianWhat is Oman?
$5,201
Oman

Final scores:

Christian Sara Steve
$24,001 -$1,000 $10,000
Automatic semifinalist 3rd place: $5,000 + the Jeopardy! DVD Home Game System if eliminated 2nd place: $5,000 + the Jeopardy! DVD Home Game System if eliminated

Game dynamics:

Coryat scores:

Christian Sara Steve
$18,800 -$1,000 $12,000
28 R
(including 2 DDs),
3 W
(including 1 DD)
5 R,
4 W
15 R,
1 W

Combined Coryat: $29,800

[game clues] [game scores] [suggest correction]

Game tape date: 2007-10-09
The J! Archive is created by fans, for fans. Scraping, republication, monetization, and malicious use prohibited; this site may use cookies and collect identifying information. See terms. The Jeopardy! game show and all elements thereof, including but not limited to copyright and trademark thereto, are the property of Jeopardy Productions, Inc. and are protected under law. This website is not affiliated with, sponsored by, or operated by Jeopardy Productions, Inc. Join the discussion at JBoard.tv.